| 000 | 01111nam a2200241Ia 4500 | ||
|---|---|---|---|
| 008 | 0000002002 sp ad 0000000000spa00 | ||
| 020 | _a8477854637 | ||
| 090 | _aPSP00 N65n | ||
| 245 | 1 | 0 |
_aNono Bandera _b: up is down as down is up |
| 300 |
_a[34] p. _c/ 20 cm. |
||
| 500 | _aExposición realizada en Salas del Centro Cultural Provincial, Málaga, noviembre 30, 2001 enero 11, 2002 \ Incluye cronologa del artista | ||
| 505 | _aOBRAS : Santa Roque Boca negra Bodegón Ripped jockey Chicle de artista Mara Magdalena Venecia Trinidad Las siete diferencias Mariposas Corazones Nieve Decapitado Unreality El código de desapego Party El llorón El pulpo Sospecha | ||
| 600 | 0 | 0 |
_aBANDERA, NONO, 1958/ _xTRABAJOS PICTORICOS |
| 650 | 1 | 4 | _aARTE CONTEMPORANEO ESPAÑOL |
| 650 | 1 | 4 | _aARTISTAS PLASTICOS ESPAÑOLES EXPOSIONES |
| 650 | 1 | 4 | _xCATALOGOS |
| 650 | 1 | 4 | _xEXPOSICIONES |
| 650 | 1 | 4 | _aPINTORES ESPAÑOLES |
| 650 | 1 | 4 | _aPINTURA AL OLEO |
| 650 | 1 | 4 | _aPINTURA DE PAISAJES |
| 650 | 1 | 4 | _aPINTURA ESPAÑOLA |
| 999 |
_c13321 _d13321 |
||
| 260 |
_aMalaga : Centro Cultural Provincial _c2002 |
||